Statistics for Germanic Countries From Richest To Poorest

Click here to take the quiz!

General Stats

  • This quiz has been taken 54 times
  • The average score is 10 of 12

Answer Stats

RankGDP (PPP) per capitaCountry% Correct
1126.159Luxembourg
98%
578.112Switzerland
98%
1359.406Austria
96%
1163.405Denmark
94%
1558.150Germany
94%
1261.816Netherlands
94%
1755.919Belgium
90%
769.859Norway
90%
1657.425Sweden
88%
1459.268Iceland
82%
2548.693United Kingdom
82%
8814.239South Africa
45%

Score Distribution

Percentile by Number Answered

Percent of People with Each Score

Your Score History

You have not taken this quiz